000 01559nam0a2200385 4500
001 RU\NLR\bibl\284791
005 20260405065027.0
010 _a5-7805-0622-1
_bВ пер.
_915000
021 _aRU
_b2002-8144
_9400
035 _a(NLR Aleph) 000280225
090 _a1639702
_c1639702
100 _a20020703d2002 |||y0rusy50 ca
101 0 _arus
102 _aRU
105 _aa |||||||||
200 1 _aБиология
_eСправ. для старшеклассников и поступающих в вузы
_eПолн. курс подгот. к вып. и вступ. экзаменам
_fТ. Л. Богданова, Е. А. Солодова
210 _aМ.
_cАСТ-пресс шк.
_d2002
215 _a815 с.
_cил.
_d22
320 _aАлф. указ.: с. 800-812
606 0 _aБиология
_jСправочники
_9896131
_3RU\NLR\auth\664781
610 0 _aБиология - Справочники учебные
675 _a373.167.1:57
_v3
_zrus
675 _a57(075.3/.4)
_v3
_zrus
686 _a14.25
_2rugasnti
686 _a28.0я72
_2rubbk
686 _aЕ.я29
700 1 _4070
_8rus
_7ca
_aБогданова
_bТ. Л.
_cканд. биол. наук
_f1932-
_gТатьяна Львовна
_3RU\NLR\auth\7722948
_96003
701 1 _4070
_7ca
_8rus
_aСолодова
_bЕ. А.
_gЕлена Александровна
_9241291
_3RU\NLR\AUTH\770241347
801 0 _aRU
_bRKP
_c20020703
_gPSBO
801 1 _aRU
_bRKP
_c20020703
801 2 _aRU
_bNLR
_c20100802
_grcr
942 _cBOOK
980 _aNB